[Event "Syre Memorial op 35th"]
[Site "Issy les Moulineaux"]
[Date "2012.05.19"]
[Round "5"]
[White "Grigorian, Roudolph"]
[Black "Gaborit, Arnaud"]
[Result "1-0"]
[WhiteElo "1918"]
[BlackElo "1670"]
[PlyCount "37"]
[EventDate "2012.05.17"]
[EventType "swiss"]
[EventRounds "6"]
[EventCountry "FRA"]
[SourceTitle "EXT 2015"]
[Source "ChessBase"]
[SourceDate "2014.11.20"]
[SourceVersion "1"]
[SourceVersionDate "2014.11.20"]
[SourceQuality "1"]

1. e4 c5 2. Nf3 e6 3. d4 cxd4 4. Nxd4 a6 5. Nc3 Qc7 6. g3 Nf6 7. Bg2 d6 8. 0-0 Be7 9. Be3 Nbd7 10. f4 0-0 11. g4 Nc5 12. g5 Ne8 13. f5 f6 14. g6 hxg6 15. fxg6 f5 16. exf5 Nf6 17. fxe6 Nxe6 18. Nd5 Nxd5 19. Bxd5 1-0

[Event "Syre Memorial op 33th"]
[Site "Issy les Moulineaux"]
[Date "2010.05.15"]
[Round "3"]
[White "Gaborit, Arnaud"]
[Black "Ladisic, Alex Sacha"]
[Result "0-1"]
[WhiteElo "1652"]
[BlackElo "2081"]
[PlyCount "48"]
[EventDate "2010.05.13"]
[EventType "swiss"]
[EventRounds "6"]
[EventCountry "FRA"]
[SourceTitle "EXT 2011"]
[Source "ChessBase"]
[SourceDate "2010.11.26"]
[SourceVersion "1"]
[SourceVersionDate "2010.11.26"]
[SourceQuality "1"]

1. d4 Nf6 2. Nf3 d6 3. Bg5 g6 4. Bxf6 exf6 5. Nbd2 Bg7 6. e3 Nd7 7. c3 f5 8. Qc2 Nf6 9. h4 h5 10. Ng5 0-0 11. 0-0-0 c6 12. Bd3 Ng4 13. Nf1 Re8 14. Nh2 Nxh2 15. Rxh2 Bh6 16. g3 Bxg5 17. hxg5 Qxg5 18. Rdh1 Bd7 19. Be2 Kg7 20. Rh4 Rh8 21. Qd2 Be6 22. c4 b5 23. d5 cxd5 24. cxd5 Rac8+ 0-1